| 000 | 01282nam a2200205Ia 4500 | ||
|---|---|---|---|
| 001 | 10794 | ||
| 003 | GE_BSU | ||
| 008 | 181216s||||||||xx |||||||||||||| ||und|| | ||
| 040 | _cGE_BSU | ||
| 080 | _a821.353.1-1-1(082) | ||
| 245 | _aქართული საბჭოთა პოეზიის ანთოლოგია. | ||
| 245 | _cსარედ.კოლეგია.გრიგოლ აბაშიძე,კარლო კალაძე,მურმან ლებანიძე და სხვ;მხატვ.რედ:ოთარ ჯიშკარიანი;პორტრეტები შესრულებულია ზურაბ ნიჟარაძის და თენგიზ მირზაშვილის მიერ;გრაფიკული გაფორმება დავით დუნდუასი და ოთარ ჯიშკარიანისა. | ||
| 260 | _aთბილისი. | ||
| 260 | _bმერანი. | ||
| 260 | _c1971. | ||
| 300 | _a758გვ;29სმ. | ||
| 300 | _eსურათები;ბიბლიოგრ.ცნობები.გვ:739-749. | ||
| 653 | _aქართული საბჭოთა პოეზიის ანთოლოგია. | ||
| 942 | _cBK | ||
| 999 |
_c44042 _d44042 |
||